|
|
|
|
| LEADER |
02159nam a2200541 a 4500 |
| 001 |
EBC3327168 |
| 003 |
MiAaPQ |
| 005 |
20200520144314.0 |
| 006 |
m o d | |
| 007 |
cr cn||||||||| |
| 008 |
110610s2010 ne sb 001 0deng d |
| 010 |
|
|
|z 2011417636
|
| 020 |
|
|
|z 9087280890
|
| 020 |
|
|
|z 9789087280895
|
| 020 |
|
|
|a 9400600127 (electronic bk.)
|
| 020 |
|
|
|a 9789400600126 (electronic bk.)
|
| 035 |
|
|
|a (MiAaPQ)EBC3327168
|
| 035 |
|
|
|a (Au-PeEL)EBL3327168
|
| 035 |
|
|
|a (CaPaEBR)ebr10493650
|
| 035 |
|
|
|a (CaONFJC)MIL323194
|
| 035 |
|
|
|a (OCoLC)746747219
|
| 040 |
|
|
|a MiAaPQ
|c MiAaPQ
|d MiAaPQ
|
| 041 |
1 |
|
|a eng
|a per
|h per
|
| 043 |
|
|
|a a-ir---
|
| 050 |
|
4 |
|a KMH2050
|b .M8713 2010
|
| 100 |
1 |
|
|a Mustashar al-Dawlah, Yusuf ibn Kazim,
|d d. 1895 or 6.
|
| 240 |
1 |
0 |
|a Yak kalimah.
|l English & Persian
|
| 245 |
1 |
0 |
|a One word
|h [electronic resource] =
|b Yak kaleme : 19th-century Persian treatise introducing western codified law /
|c with an introduction and annotated translation by A.A. Seyed-Gohrab and S. McGlinn.
|
| 246 |
3 |
1 |
|a Yak kaleme
|
| 246 |
3 |
|
|a One word-Yak kaleme
|
| 260 |
|
|
|a [Leiden] :
|b Leiden University Press,
|c c2010.
|
| 300 |
|
|
|a xxv, 109 p.
|
| 490 |
1 |
|
|a Iranian studies series
|
| 504 |
|
|
|a Includes bibliographical references (p. xxiv-xxv) and index.
|
| 533 |
|
|
|a Electronic reproduction. Ann Arbor, MI : ProQuest, 2015. Available via World Wide Web. Access may be limited to ProQuest affiliated libraries.
|
| 546 |
|
|
|a Text in Persian and English on facing pages.
|
| 600 |
1 |
0 |
|a Mustashar al-Dawlah, Yusuf ibn Kazim,
|d d. 1895 or 6.
|t Yak kalimah.
|
| 650 |
|
0 |
|a Constitutional law
|z Iran.
|
| 650 |
|
0 |
|a Rule of law
|z Iran.
|
| 650 |
|
0 |
|a Islamic law
|z Iran.
|
| 650 |
|
0 |
|a Law
|z Iran
|x European influences
|x History
|y 19th century.
|
| 651 |
|
0 |
|a Iran
|x Politics and government
|y 19th century.
|
| 655 |
|
4 |
|a Electronic books.
|
| 700 |
1 |
|
|a Seyed-Gohrab, A. A.
|q (Ali Asghar),
|d 1968-
|
| 700 |
1 |
|
|a McGlinn, Sen.
|
| 710 |
2 |
|
|a ProQuest (Firm)
|
| 830 |
|
0 |
|a Iranian studies series (Leiden, Netherlands)
|
| 856 |
4 |
0 |
|u https://ebookcentral.proquest.com/lib/matrademy/detail.action?docID=3327168
|z Click to View
|